El Patriótico estallido del Bruch y la cautividad barcelonesa democratismo fundamental de la España resistente /
Descripción Física:
Il·lustracions
Colección:
San Jorge,
; núm. 5 (gener 1952), pàg. 13-19
Idioma:
Español
MARC
| LEADER | 00000naa a2200000 a 4500 | ||
|---|---|---|---|
| 003 | Arxiu | ||
| 005 | 20260324181029.0 | ||
| 008 | 160829s1952 spcaxx s spa c | ||
| 040 | |a agdb | ||
| 100 | |a Mercader Riba, Jaime. |9 25911 | ||
| 245 | 1 | 3 | |a El Patriótico estallido del Bruch y la cautividad barcelonesa democratismo fundamental de la España resistente / |c por el Doctor Jaime Mercader Riba, profesor de la Universidad de Barcelona |
| 300 | |b Il·lustracions | ||
| 490 | |a San Jorge, |v núm. 5 (gener 1952), pàg. 13-19 | ||
| 590 | |a Inclou 6 fotografies | ||
| 650 | 0 | |a Bruc, Batalla del, 1808 |9 21316 | |
| 650 | 0 | |a Guerra contra Napoleó, 1808-1814 |z Catalunya |z Manresa |9 25912 | |
| 773 | |t San Jorge. |g Núm. 5 (gener 1952), pàg. 13-19 | ||
| 901 | |a Arxiu | ||
| 942 | |n 1 |2 udc | ||
| 952 | |0 0 |1 0 |4 0 |6 REV508 |7 1 |9 64600 |a Arxiu |b Arxiu |d 2022-12-02 |l 0 |o Rev-508 |r 2022-12-02 00:00:00 |w 2022-12-02 |y ARXIU |z També disponible a Rev-521 | ||
| 999 | |c 46395 |d 46395 | ||